02602 a2200349 45000010006000000050017000060080041000230030015000640400040000790800104001192450100002232640043003233000019003665051463003850410008018481000027018567000022018837000032019057000028019377000020019657000026019857000020020117000034020317000022020657000021020877000024021087000020021327000020021527000031021727000023022037000026022265454420260407155819.0260407a1982 arg spa dAR-UNSa-BCEJYS aAR-UNSa-BCEJYSbspacAR-UNSa-BCEJYS a330.1xCiencia económica. Conceptos fundamentales de teoría económica. Valor. Capital. Fondos10aLa economía como disciplina cientificapensayos en honor del profesor Dr. Francisco Valsecchi 1aBuenos Aires :bEdiciones Macchic1982 a308 p.c22 cm. a1. Acerca del estatus epistemológico de las teorías económicas / Mario T. Marzana - 2. Economía estructural y sistemas lineales / Julio H. G. Olivera – 3. Valores en economía y en otras ciencias / Vicente Vázquez-Presedo – 4. Eficiencia, justicia y equidad en lo económico / Eduardo A. Zalduendo – 5. La tasa interna de retorno y el objetivo de maximizar beneficios / Alfredo Juan Canavese – 6. Acceso libre e inestabilidad del equilibrio bionómico – Jorge Eduardo Fernández-Pol – 7. Política del tipo de cambio en una economía pequeña: el crawlin-peg activo / Rolf Mantel y Ana María Martirena-Mantel – 8. Aspectos económicos de las migraciones internacionales de capital humano / Luisa Montuschi – 9. Demanda de dinero y formación de expectativas. Algunos resultados empíricos en Argentina / Elías Salama – 10. Eficiencia económica y distribución optima / Raúl E. Cuello – 11. Reflexiones acerca de un modelo económico argentino para la década del ochenta / Alieto Aldo Guadagni – 12. Desenvolvimiento histórico y renovación de la ciencia económica / Manuel Fernández López – 13. Adam Ferguson: ciencia, virtud y sociedad / Ezequiel Gallo – 14. Aspectos analíticos en la doctrina del justo precio de Juan de Matienzo (1520-1579) / Oreste Popescu – 15. Oferta monetaria y variaciones en la estructura de los precios relativos: el aporte de R. Cantillon / Javier Villanueva  aspa1 aCanavese, Alfredo Juan1 aCuello, Raúl E.1 aFernández López, Manuel1 aFernandez Pol, Jorge E.1 aGallo, Ezequiel1 aGuadagni, Alieto Aldo1 aMantel, Rolf R.1 aMartirena-Mantel, Ana María1 aMarzana, Mario T.1 aMontuschi, Luisa1 aOlivera, Julio H.G.1 aPopescu, Oreste1 aSalama, Elías1 aVázquez-Presedo, Vicente1 aVillanueva, Javier1 aZalduendo, Eduardo A.